Tchernobyl - Statistiques

Statistiques générales
  • Ce quiz a été pris 160 fois
  • Le résultat moyen est 8 sur 13
Statistiques - réponses
Hint Réponse % Correct
Dans quel pays se situe Tchernobyl ? Ukraine
99%
En quelle année a eu lieu la catastrophe nucléaire de Tchernobyl ? 1986
94%
Quel est le numéro du réacteur ayant explosé ? 4
92%
En quelle année est sortie la série Chernobyl, classée parmi les meilleures séries de tous les temps 2019
79%
Quelle est la ville la plus proche de la centrale nucléaire? Prypiat
72%
Qui était à la tête de l'URSS lors de la catastrophe? Mikhaïl Gorbatchev
71%
Quelle chaîne de télévision a produit cette série ? HBO
68%
Quel élément chimique a été largué avec du sable au-dessus de l'incendie pour parvenir à l'éteindre? Du bore
51%
Comment nomme-t-on la zone de 30 km autour de la centrale de laquelle tout habitant a été évacué ? La zone d'exclusion
46%
Dans quel oblast (division administrative) se situe-elle ? Oblast de Kiev
46%
Quel était le modèle du réacteur ? RBMK-1000
46%
Comment nomme-t-on les ouvriers venus nettoyer autour de la centrale après la catastrophe? Les liquidateurs
44%
Comment s'appelle le dispositif mesurant 108 m de haut, 162 m de large et a une portée de 257 m permettant de confiner les matières réactives ? L'arche de Tchernobyl
16%
Aucun quiz correspondant
Distribution des résultats
% des personnes avec chaque résultat
Percentile par nombre de réponses
Votre historique - résultats
Vous n’avez pas pris ce quiz